[Event "Eurasia Open Cup 2019"]
[Site "Ekaterinburg"]
[Date "2019.08.03"]
[Round "4.27"]
[White "Cherniaev, Alexander"]
[Black "Yangutov, Aleksey"]
[Result "1-0"]
[WhiteElo "2396"]
[BlackElo "2157"]
[Annotator "NA"]
[PlyCount "81"]
[EventDate "2019.07.31"]
[EventType "swiss"]
[EventCountry "RUS"]
[SourceTitle "playchess.com"]
[Source "ChessBase"]
[SourceQuality "1"]
[TimeControl "5400+30"]

1. e4 {[%emt 0:00:00]} c5 {[%emt 0:00:00]} 2. Nc3 {[%emt 0:00:00]} Nc6 {[%emt 0:00:00]} 3. Bb5 {[%emt 0:00:00]} g6 {[%emt 0:01:45]} 4. Bxc6 {[%emt 0:00:00]} dxc6 {[%emt 0:04:41]} 5. d3 {[%emt 0:00:00]} e5 {[%emt 0:00:25]} 6. Nge2 {[%emt 0:01:06]} Nf6 {[%emt 0:01:51]} 7. O-O {[%emt 0:00:05]} Bg7 {[%emt 0:00:15]} 8. f4 {[%emt 0:00:15]} exf4 {[%emt 0:00:46]} 9. Bxf4 {[%emt 0:00:05]} O-O {[%emt 0:13:59]} 10. Qd2 {[%emt 0:00:05]} Re8 {[%emt 0:11:25]} 11. Kh1 {[%emt 0:19:55]} Nd7 {[%emt 0:04:40]} 12. Ng1 {[%emt 0:03:27]} Ne5 {[%emt 0:10:24]} 13. Nf3 {[%emt 0:14:00]} Nxf3 {[%emt 0:01:23]} 14. Rxf3 {[%emt 0:00:00]} Bg4 {[%emt 0:06:31]} 15. Rf2 {[%emt 0:01:14]} Qb6 {[%emt 0:06:17]} 16. Rb1 {[%emt 0:04:25]} c4 {[%emt 0:01:42]} 17. Rff1 {[%emt 0:02:01]} cxd3 {[%emt 0:01:37]} 18. cxd3 {[%emt 0:00:05]} Rad8 {[%emt 0:01:33]} 19. Be3 {[%emt 0:06:33]} Bd4 {[%emt 0:01:59]} 20. Qf2 {[%emt 0:10:20]} Be6 {[%emt 0:02:59]} 21. Rbe1 {[%emt 0:00:10]} Qc5 {[%emt 0:21:10]} 22. Nd5 {[%emt 0:00:00]} Bxe3 {[%emt 0:00:00]} 23. Nf6+ {[%emt 0:00:00]} Kh8 {[%emt 0:00:00]} 24. Rxe3 {[%emt 0:00:00]} Rf8 {[%emt 0:00:00]} 25. Qh4 {[%emt 0:00:00]} h5 {[%emt 0:00:00]} 26. Qf4 {[%emt 0:00:00]} Kg7 {[%emt 0:00:07]} 27. Rg3 {[%emt 0:12:05]} Rh8 {[%emt 0:00:00]} 28. e5 {[%emt 0:00:00]} h4 {[%emt 0:00:53]} 29. Ne4 {[%emt 0:01:50]} Qe7 {[%emt 0:01:08]} 30. Re3 {[%emt 0:00:38]} Rh5 {[%emt 0:02:19]} 31. Nd6 {[%emt 0:01:17]} Bd5 {[%emt 0:00:51]} 32. h3 {[%emt 0:06:03]} Qg5 {[%emt 0:04:28]} 33. Re2 {[%emt 0:01:50]} Qxf4 {[%emt 0:00:52]} 34. Rxf4 {[%emt 0:01:17]} b6 {[%emt 0:00:00]} 35. a3 {[%emt 0:00:03]} Rd7 {[%emt 0:00:56]} 36. d4 {[%emt 0:00:57]} c5 {[%emt 0:00:22]} 37. Ne8+ {[%emt 0:00:39]} Kh6 {[%emt 0:00:40]} 38. Nf6 {[%emt 0:02:24]} Rd8 {[%emt 0:00:07]} 39. Nxh5 {[%emt 0:01:02]} Kxh5 {[%emt 0:00:22]} 40. dxc5 {[%emt 0:00:00]} bxc5 {[%emt 0:00:23]} 41. Rd2 {[%emt 0:00:35]} 1-0

[Event "Eurasia Open Cup 2019"]
[Site "Ekaterinburg"]
[Date "2019.08.03"]
[Round "4.28"]
[White "Kotlyar, Kirill"]
[Black "Kavyev, Ruslan"]
[Result "1-0"]
[WhiteElo "2387"]
[BlackElo "2167"]
[Annotator "NA"]
[PlyCount "95"]
[EventDate "2019.07.31"]
[EventType "swiss"]
[EventCountry "RUS"]
[SourceTitle "playchess.com"]
[Source "ChessBase"]
[SourceQuality "1"]
[TimeControl "5400+30"]

1. Nf3 {[%emt 0:00:00]} Nf6 {[%emt 0:00:00]} 2. d4 {[%emt 0:00:00]} g6 {[%emt 0:00:00]} 3. Nbd2 {[%emt 0:00:02]} d5 {[%emt 0:00:00]} 4. e3 {[%emt 0:01:02]} Bg7 {[%emt 0:00:00]} 5. b4 {[%emt 0:00:12]} O-O {[%emt 0:01:09]} 6. c4 {[%emt 0:02:10]} a5 {[%emt 0:00:29]} 7. b5 {[%emt 0:00:00]} c5 {[%emt 0:00:37]} 8. dxc5 {[%emt 0:06:50]} Nfd7 {[%emt 0:11:35]} 9. Ba3 {[%emt 0:05:44]} Bxa1 {[%emt 0:03:56]} 10. Qxa1 {[%emt 0:00:23]} Qc7 {[%emt 0:00:12]} 11. Qd4 {[%emt 0:00:18]} dxc4 {[%emt 0:03:26]} 12. Nxc4 {[%emt 0:21:09]} Rd8 {[%emt 0:04:28]} 13. c6 {[%emt 0:09:42]} bxc6 {[%emt 0:07:47]} 14. b6 {[%emt 0:01:52]} Qb7 {[%emt 0:00:51]} 15. Bxe7 {[%emt 0:00:20]} c5 {[%emt 0:02:12]} 16. Qf4 {[%emt 0:01:31]} Rf8 {[%emt 0:06:41]} 17. Qh6 {[%emt 0:01:45]} Qe4 {[%emt 0:09:52]} 18. Ng5 {[%emt 0:03:14]} Qb1+ {[%emt 0:00:05]} 19. Ke2 {[%emt 0:01:49]} Qc2+ {[%emt 0:00:00]} 20. Kf3 {[%emt 0:06:26]} Ne5+ {[%emt 0:00:53]} 21. Nxe5 {[%emt 0:00:20]} Qf5+ {[%emt 0:00:33]} 22. Kg3 {[%emt 0:00:06]} Qxe5+ {[%emt 0:00:09]} 23. Kh4 {[%emt 0:00:36]} Qg7 {[%emt 0:01:19]} 24. Qxg7+ {[%emt 0:02:05]} Kxg7 {[%emt 0:00:02]} 25. Bxf8+ {[%emt 0:00:12]} Kxf8 {[%emt 0:00:00]} 26. Bc4 {[%emt 0:02:44]} f6 {[%emt 0:00:09]} 27. Ne6+ {[%emt 0:00:24]} Bxe6 {[%emt 0:00:10]} 28. Bxe6 {[%emt 0:00:04]} Na6 {[%emt 0:00:26]} 29. Bc4 {[%emt 0:05:20]} Nb4 {[%emt 0:00:41]} 30. a3 {[%emt 0:01:01]} Nc2 {[%emt 0:00:13]} 31. Bd5 {[%emt 0:00:25]} Rb8 {[%emt 0:01:58]} 32. b7 {[%emt 0:00:12]} Ke7 {[%emt 0:00:06]} 33. a4 {[%emt 0:05:50]} Nb4 {[%emt 0:01:08]} 34. Bf3 {[%emt 0:00:50]} Nd3 {[%emt 0:01:15]} 35. Rb1 {[%emt 0:02:38]} Ne5 {[%emt 0:02:18]} 36. Bd5 {[%emt 0:01:12]} f5 {[%emt 0:05:34]} 37. Rb6 {[%emt 0:02:33]} Kd7 {[%emt 0:00:42]} 38. h3 {[%emt 0:00:31]} Kc7 {[%emt 0:03:27]} 39. Re6 {[%emt 0:03:08]} Nd3 {[%emt 0:00:48]} 40. Rc6+ {[%emt 0:00:30]} Kd7 {[%emt 0:02:20]} 41. Ra6 {[%emt 0:01:12]} Nb4 {[%emt 0:05:57]} 42. Ra8 {[%emt 0:00:51]} Kc7 {[%emt 0:00:00]} 43. Bf3 {[%emt 0:00:10]} c4 {[%emt 0:07:23]} 44. Rxa5 {[%emt 0:00:09]} Nd3 {[%emt 0:00:32]} 45. Rb5 {[%emt 0:00:36]} Kd6 {[%emt 0:02:30]} 46. a5 {[%emt 0:00:04]} Nc5 {[%emt 0:00:00]} 47. a6 {[%emt 0:00:49]} Nxa6 {[%emt 0:00:28]} 48. Rb6+ {[%emt 0:00:27]} 1-0

[Event "Eurasia Open Cup 2019"]
[Site "Ekaterinburg"]
[Date "2019.08.03"]
[Round "4.29"]
[White "Tunik, Gennady"]
[Black "Nosacheva, Mariya"]
[Result "0-1"]
[WhiteElo "2371"]
[BlackElo "2150"]
[Annotator "NA"]
[PlyCount "110"]
[EventDate "2019.07.31"]
[EventType "swiss"]
[EventCountry "RUS"]
[SourceTitle "playchess.com"]
[Source "ChessBase"]
[SourceQuality "1"]
[TimeControl "5400+30"]

1. d4 {[%emt 0:00:00]} Nf6 {[%emt 0:03:00]} 2. c4 {[%emt 0:00:00]} g6 {[%emt 0:00:05]} 3. Nc3 {[%emt 0:00:00]} Bg7 {[%emt 0:00:05]} 4. e4 {[%emt 0:00:10]} d6 {[%emt 0:00:10]} 5. Nf3 {[%emt 0:00:10]} O-O {[%emt 0:00:10]} 6. Be2 {[%emt 0:00:10]} c6 {[%emt 0:00:05]} 7. O-O {[%emt 0:02:31]} e5 {[%emt 0:01:05]} 8. dxe5 {[%emt 0:01:16]} dxe5 {[%emt 0:00:15]} 9. Qxd8 {[%emt 0:00:15]} Rxd8 {[%emt 0:00:05]} 10. Be3 {[%emt 0:00:15]} Bg4 {[%emt 0:09:02]} 11. Rfd1 {[%emt 0:02:36]} Nbd7 {[%emt 0:00:50]} 12. h3 {[%emt 0:04:39]} Bxf3 {[%emt 0:00:40]} 13. Bxf3 {[%emt 0:00:05]} Re8 {[%emt 0:00:16]} 14. b4 {[%emt 0:05:08]} Nf8 {[%emt 0:02:22]} 15. b5 {[%emt 0:00:57]} Ne6 {[%emt 0:01:36]} 16. bxc6 {[%emt 0:00:41]} bxc6 {[%emt 0:00:05]} 17. Rab1 {[%emt 0:01:17]} Bf8 {[%emt 0:06:01]} 18. Na4 {[%emt 0:02:17]} Reb8 {[%emt 0:03:12]} 19. Rb3 {[%emt 0:02:48]} Rb4 {[%emt 0:02:13]} 20. Rxb4 {[%emt 0:00:15]} Bxb4 {[%emt 0:00:05]} 21. c5 {[%emt 0:01:36]} Rd8 {[%emt 0:05:10]} 22. Rxd8+ {[%emt 0:09:33]} Nxd8 {[%emt 0:00:00]} 23. Nb2 {[%emt 0:01:12]} Ne6 {[%emt 0:03:13]} 24. Nd3 {[%emt 0:00:20]} Bc3 {[%emt 0:00:05]} 25. Kf1 {[%emt 0:08:45]} Kf8 {[%emt 0:04:10]} 26. Ke2 {[%emt 0:01:41]} h5 {[%emt 0:06:13]} 27. Kd1 {[%emt 0:01:09]} Nd7 {[%emt 0:00:49]} 28. Kc2 {[%emt 0:05:07]} Bd4 {[%emt 0:00:54]} 29. Bxd4 {[%emt 0:01:31]} Nxd4+ {[%emt 0:06:13]} 30. Kc3 {[%emt 0:00:29]} Nxf3 {[%emt 0:00:15]} 31. gxf3 {[%emt 0:00:05]} Ke7 {[%emt 0:00:24]} 32. Kb4 {[%emt 0:05:24]} Kf6 {[%emt 0:02:03]} 33. Ka5 {[%emt 0:10:49]} Nb8 {[%emt 0:12:55]} 34. a4 {[%emt 0:03:22]} Ke6 {[%emt 0:00:31]} 35. Kb4 {[%emt 0:00:27]} g5 {[%emt 0:02:09]} 36. Kc4 {[%emt 0:00:51]} f5 {[%emt 0:00:36]} 37. Nb4 {[%emt 0:03:49]} h4 {[%emt 0:03:35]} 38. Kd3 {[%emt 0:00:14]} a5 {[%emt 0:00:01]} 39. exf5+ {[%emt 0:14:48]} Kxf5 {[%emt 0:00:41]} 40. Nc2 {[%emt 0:01:58]} Nd7 {[%emt 0:00:11]} 41. Ne3+ {[%emt 0:00:12]} Kf4 {[%emt 0:01:20]} 42. Ke2 {[%emt 0:00:40]} Nxc5 {[%emt 0:00:33]} 43. Ng2+ {[%emt 0:00:04]} Kf5 {[%emt 0:00:22]} 44. Ne3+ {[%emt 0:00:26]} Ke6 {[%emt 0:00:11]} 45. Nc4 {[%emt 0:00:04]} Nxa4 {[%emt 0:01:25]} 46. Nxa5 {[%emt 0:00:06]} Kd5 {[%emt 0:01:47]} 47. Nb3 {[%emt 0:00:04]} Nc5 {[%emt 0:01:36]} 48. Nd2 {[%emt 0:02:29]} Ne6 {[%emt 0:00:13]} 49. Ke3 {[%emt 0:00:22]} Nf4 {[%emt 0:01:37]} 50. Ne4 {[%emt 0:00:10]} Nxh3 {[%emt 0:00:19]} 51. Nf6+ {[%emt 0:00:06]} Ke6 {[%emt 0:00:10]} 52. Ng4 {[%emt 0:00:03]} Ng1 {[%emt 0:01:42]} 53. Ke4 {[%emt 0:00:11]} h3 {[%emt 0:01:46]} 54. Nh2 {[%emt 0:00:21]} c5 {[%emt 0:00:54]} 55. Kd3 {[%emt 0:00:10]} Kf5 {[%emt 0:01:25]} 0-1

[Event "Eurasia Open Cup 2019"]
[Site "Ekaterinburg"]
[Date "2019.08.03"]
[Round "4.30"]
[White "Saunina, Ludmila"]
[Black "Fotin, Vladimir"]
[Result "0-1"]
[WhiteElo "2199"]
[BlackElo "2368"]
[Annotator "NA"]
[PlyCount "108"]
[EventDate "2019.07.31"]
[EventType "swiss"]
[EventCountry "RUS"]
[SourceTitle "playchess.com"]
[Source "ChessBase"]
[SourceQuality "1"]
[TimeControl "5400+30"]

1. d4 {[%emt 0:00:00]} Nf6 {[%emt 0:06:22]} 2. c4 {[%emt 0:00:00]} e6 {[%emt 0:00:58]} 3. Nf3 {[%emt 0:00:00]} Bb4+ {[%emt 0:00:02]} 4. Nbd2 {[%emt 0:00:00]} a5 {[%emt 0:00:56]} 5. Qc2 {[%emt 0:02:03]} d6 {[%emt 0:09:02]} 6. g3 {[%emt 0:08:34]} O-O {[%emt 0:14:50]} 7. Bg2 {[%emt 0:00:38]} Re8 {[%emt 0:02:13]} 8. O-O {[%emt 0:00:17]} e5 {[%emt 0:00:20]} 9. e4 {[%emt 0:15:46]} Bg4 {[%emt 0:05:57]} 10. dxe5 {[%emt 0:02:06]} dxe5 {[%emt 0:00:00]} 11. h3 {[%emt 0:00:19]} Bh5 {[%emt 0:08:10]} 12. b3 {[%emt 0:04:14]} Nc6 {[%emt 0:01:49]} 13. Bb2 {[%emt 0:00:05]} Qe7 {[%emt 0:03:00]} 14. Nh4 {[%emt 0:02:11]} Ba3 {[%emt 0:19:02]} 15. Nf5 {[%emt 0:00:22]} Qc5 {[%emt 0:00:00]} 16. Bxa3 {[%emt 0:03:25]} Qxa3 {[%emt 0:00:00]} 17. Nb1 {[%emt 0:00:00]} Qc5 {[%emt 0:01:02]} 18. Nc3 {[%emt 0:00:00]} Bg6 {[%emt 0:00:14]} 19. Rad1 {[%emt 0:04:40]} Rad8 {[%emt 0:03:44]} 20. Qb1 {[%emt 0:02:15]} Bxf5 {[%emt 0:11:47]} 21. exf5 {[%emt 0:00:10]} Nd4 {[%emt 0:00:03]} 22. g4 {[%emt 0:05:13]} c6 {[%emt 0:00:25]} 23. Rd3 {[%emt 0:09:10]} b5 {[%emt 0:01:42]} 24. cxb5 {[%emt 0:00:37]} cxb5 {[%emt 0:00:02]} 25. Re3 {[%emt 0:15:07]} b4 {[%emt 0:02:35]} 26. Na4 {[%emt 0:02:05]} Qd6 {[%emt 0:02:12]} 27. Nb2 {[%emt 0:01:04]} Nb5 {[%emt 0:00:43]} 28. Nc4 {[%emt 0:00:33]} Qc7 {[%emt 0:00:01]} 29. Rfe1 {[%emt 0:01:32]} Nc3 {[%emt 0:00:36]} 30. Qc2 {[%emt 0:03:27]} e4 {[%emt 0:00:00]} 31. g5 {[%emt 0:03:55]} Nfd5 {[%emt 0:03:01]} 32. Rg3 {[%emt 0:00:07]} Nf4 {[%emt 0:02:21]} 33. Bxe4 {[%emt 0:03:58]} Rd4 {[%emt 0:00:34]} 34. Rge3 {[%emt 0:01:12]} Nxh3+ {[%emt 0:00:00]} 35. Rxh3 {[%emt 0:00:12]} Rexe4 {[%emt 0:00:20]} 36. Rxe4 {[%emt 0:03:04]} Nxe4 {[%emt 0:01:16]} 37. g6 {[%emt 0:02:14]} hxg6 {[%emt 0:01:02]} 38. fxg6 {[%emt 0:00:00]} fxg6 {[%emt 0:00:00]} 39. Re3 {[%emt 0:05:40]} Qf4 {[%emt 0:00:53]} 40. Nxa5 {[%emt 0:00:25]} Qg4+ {[%emt 0:00:30]} 41. Kh2 {[%emt 0:00:38]} Ng5 {[%emt 0:01:43]} 42. Qe2 {[%emt 0:01:17]} Qh4+ {[%emt 0:00:26]} 43. Kg2 {[%emt 0:01:15]} Ne6 {[%emt 0:00:20]} 44. Qf3 {[%emt 0:01:35]} Rg4+ {[%emt 0:01:07]} 45. Kf1 {[%emt 0:00:00]} Nf4 {[%emt 0:00:00]} 46. Qa8+ {[%emt 0:00:05]} Kh7 {[%emt 0:00:03]} 47. Nc4 {[%emt 0:00:28]} Qg5 {[%emt 0:00:48]} 48. Ke1 {[%emt 0:00:17]} Rg1+ {[%emt 0:01:07]} 49. Kd2 {[%emt 0:00:01]} Nd5 {[%emt 0:00:15]} 50. Qf8 {[%emt 0:00:32]} Qg4 {[%emt 0:00:05]} 51. Rf3 {[%emt 0:00:00]} Qd4+ {[%emt 0:00:30]} 52. Rd3 {[%emt 0:02:42]} Rd1+ {[%emt 0:00:30]} 53. Kxd1 {[%emt 0:00:30]} Qxd3+ {[%emt 0:00:30]} 54. Ke1 {[%emt 0:00:30]} Nc3 {[%emt 0:00:30]} 0-1

[Event "Eurasia Open Cup 2019"]
[Site "Ekaterinburg"]
[Date "2019.08.03"]
[Round "4.31"]
[White "Postnikov, Daniil"]
[Black "Voinikonis, Nikita"]
[Result "0-1"]
[WhiteElo "2354"]
[BlackElo "2137"]
[Annotator "NA"]
[PlyCount "99"]
[EventDate "2019.07.31"]
[EventType "swiss"]
[EventCountry "RUS"]
[SourceTitle "playchess.com"]
[Source "ChessBase"]
[SourceQuality "1"]
[TimeControl "5400+30"]

1. e4 {[%emt 0:00:00]} c5 {[%emt 0:00:00]} 2. Nf3 {[%emt 0:00:00]} d6 {[%emt 0:00:00]} 3. d4 {[%emt 0:00:00]} cxd4 {[%emt 0:00:00]} 4. Nxd4 {[%emt 0:00:00]} Nf6 {[%emt 0:00:00]} 5. Nc3 {[%emt 0:00:00]} a6 {[%emt 0:00:00]} 6. Nb3 {[%emt 0:00:00]} e5 {[%emt 0:03:31]} 7. Bg5 {[%emt 0:00:03]} Be6 {[%emt 0:00:48]} 8. f4 {[%emt 0:00:00]} h6 {[%emt 0:08:21]} 9. Bxf6 {[%emt 0:00:03]} Qxf6 {[%emt 0:00:00]} 10. f5 {[%emt 0:00:10]} Bc8 {[%emt 0:03:25]} 11. Nd2 {[%emt 0:22:40]} Qh4+ {[%emt 0:13:27]} 12. g3 {[%emt 0:00:15]} Qd8 {[%emt 0:00:06]} 13. a4 {[%emt 0:02:24]} d5 {[%emt 0:03:43]} 14. Nxd5 {[%emt 0:02:45]} Bxf5 {[%emt 0:04:24]} 15. Qh5 {[%emt 0:00:15]} Be6 {[%emt 0:06:11]} 16. O-O-O {[%emt 0:15:49]} Nd7 {[%emt 0:07:07]} 17. Nc4 {[%emt 0:02:44]} Bxd5 {[%emt 0:08:10]} 18. Rxd5 {[%emt 0:00:06]} Qg5+ {[%emt 0:02:20]} 19. Qxg5 {[%emt 0:00:36]} hxg5 {[%emt 0:00:03]} 20. Nxe5 {[%emt 0:03:55]} Nxe5 {[%emt 0:19:07]} 21. Rxe5+ {[%emt 0:00:44]} Be7 {[%emt 0:00:02]} 22. Bc4 {[%emt 0:05:49]} Rc8 {[%emt 0:00:05]} 23. Bd5 {[%emt 0:01:28]} Rc7 {[%emt 0:00:02]} 24. h4 {[%emt 0:05:36]} gxh4 {[%emt 0:00:03]} 25. gxh4 {[%emt 0:00:11]} Kf8 {[%emt 0:02:26]} 26. h5 {[%emt 0:03:18]} Bd6 {[%emt 0:00:56]} 27. Rf5 {[%emt 0:00:17]} g6 {[%emt 0:00:08]} 28. Rf6 {[%emt 0:09:06]} Be5 {[%emt 0:00:14]} 29. Rb6 {[%emt 0:00:04]} Rxh5 {[%emt 0:02:17]} 30. Rf1 {[%emt 0:01:34]} Bd4 {[%emt 0:00:29]} 31. Rxg6 {[%emt 0:01:03]} Rh1 {[%emt 0:01:15]} 32. Rgf6 {[%emt 0:04:18]} Bxf6 {[%emt 0:00:41]} 33. Rxh1 {[%emt 0:00:02]} Be5 {[%emt 0:00:04]} 34. a5 {[%emt 0:02:59]} Rc5 {[%emt 0:01:47]} 35. Rh5 {[%emt 0:00:11]} Bf6 {[%emt 0:04:24]} 36. Rf5 {[%emt 0:00:15]} Be7 {[%emt 0:02:38]} 37. Bxb7 {[%emt 0:04:11]} Rxf5 {[%emt 0:00:11]} 38. exf5 {[%emt 0:00:05]} Bb4 {[%emt 0:00:31]} 39. Bxa6 {[%emt 0:00:08]} Bxa5 {[%emt 0:00:00]} 40. c3 {[%emt 0:00:38]} Ke7 {[%emt 0:00:07]} 41. Kc2 {[%emt 0:00:00]} Kf6 {[%emt 0:00:00]} 42. Bd3 {[%emt 0:00:00]} Ke5 {[%emt 0:00:00]} 43. b4 {[%emt 0:00:00]} Bd8 {[%emt 0:00:00]} 44. Kb3 {[%emt 0:00:00]} Kf4 {[%emt 0:00:06]} 45. c4 {[%emt 0:00:19]} Ke3 {[%emt 0:00:07]} 46. Bb1 {[%emt 0:00:04]} Kd4 {[%emt 0:00:15]} 47. c5 {[%emt 0:00:14]} Bh4 {[%emt 0:00:59]} 48. Ka4 {[%emt 0:00:06]} Be1 {[%emt 0:00:07]} 49. Kb5 {[%emt 0:00:17]} f6 {[%emt 0:00:33]} 50. c6 {[%emt 0:00:57]} 0-1

[Event "Eurasia Open Cup 2019"]
[Site "Ekaterinburg"]
[Date "2019.08.03"]
[Round "4.32"]
[White "Klukin, Kirill"]
[Black "Zhukov, Ivan"]
[Result "1-0"]
[WhiteElo "2325"]
[BlackElo "2136"]
[Annotator "NA"]
[PlyCount "63"]
[EventDate "2019.07.31"]
[EventType "swiss"]
[EventCountry "RUS"]
[SourceTitle "playchess.com"]
[Source "ChessBase"]
[SourceQuality "1"]
[TimeControl "5400+30"]

1. Nf3 {[%emt 0:01:26]} Nf6 {[%emt 0:00:00]} 2. c4 {[%emt 0:00:08]} g6 {[%emt 0:00:00]} 3. b3 {[%emt 0:00:10]} Bg7 {[%emt 0:00:00]} 4. Bb2 {[%emt 0:00:04]} O-O {[%emt 0:00:00]} 5. g3 {[%emt 0:00:31]} d6 {[%emt 0:02:31]} 6. d4 {[%emt 0:00:00]} c5 {[%emt 0:02:38]} 7. Bg2 {[%emt 0:01:21]} Nc6 {[%emt 0:01:06]} 8. O-O {[%emt 0:05:06]} Bg4 {[%emt 0:04:50]} 9. dxc5 {[%emt 0:16:59]} dxc5 {[%emt 0:00:00]} 10. h3 {[%emt 0:00:17]} Bf5 {[%emt 0:02:49]} 11. g4 {[%emt 0:06:54]} Bd7 {[%emt 0:01:28]} 12. Nc3 {[%emt 0:02:07]} Rc8 {[%emt 0:01:48]} 13. Qc1 {[%emt 0:02:10]} Qc7 {[%emt 0:00:15]} 14. Rd1 {[%emt 0:05:40]} Rfd8 {[%emt 0:01:08]} 15. Qe3 {[%emt 0:06:56]} b6 {[%emt 0:09:43]} 16. g5 {[%emt 0:03:13]} Nh5 {[%emt 0:03:33]} 17. Nd5 {[%emt 0:00:43]} Qb8 {[%emt 0:00:11]} 18. Bxg7 {[%emt 0:00:22]} Kxg7 {[%emt 0:01:23]} 19. Nxe7 {[%emt 0:03:05]} Nxe7 {[%emt 0:00:00]} 20. Qxe7 {[%emt 0:00:07]} Be6 {[%emt 0:00:00]} 21. e3 {[%emt 0:02:41]} Kg8 {[%emt 0:01:24]} 22. Nh2 {[%emt 0:02:48]} Rxd1+ {[%emt 0:02:58]} 23. Rxd1 {[%emt 0:00:05]} Re8 {[%emt 0:01:35]} 24. Qd6 {[%emt 0:00:36]} Qc8 {[%emt 0:00:43]} 25. Bc6 {[%emt 0:01:35]} Rf8 {[%emt 0:00:01]} 26. Bd7 {[%emt 0:01:17]} Bxd7 {[%emt 0:00:57]} 27. Qxd7 {[%emt 0:00:05]} Qa8 {[%emt 0:03:59]} 28. Rd5 {[%emt 0:02:07]} Ng7 {[%emt 0:00:06]} 29. Ng4 {[%emt 0:00:24]} Ne6 {[%emt 0:00:19]} 30. Qe7 {[%emt 0:00:55]} Qc8 {[%emt 0:03:25]} 31. Nh6+ {[%emt 0:00:27]} Kh8 {[%emt 0:00:01]} 32. Nxf7+ {[%emt 0:00:35]} 1-0

[Event "Eurasia Open Cup 2019"]
[Site "Ekaterinburg"]
[Date "2019.08.03"]
[Round "4.33"]
[White "Pozin, Sergey"]
[Black "Averyanov, Grigori"]
[Result "1/2-1/2"]
[WhiteElo "2299"]
[BlackElo "2131"]
[Annotator "NA"]
[PlyCount "153"]
[EventDate "2019.07.31"]
[EventType "swiss"]
[EventCountry "RUS"]
[SourceTitle "playchess.com"]
[Source "ChessBase"]
[SourceQuality "1"]
[TimeControl "5400+30"]

1. d4 {[%emt 0:03:07]} d5 {[%emt 0:00:00]} 2. c4 {[%emt 0:00:00]} e6 {[%emt 0:00:00]} 3. Nf3 {[%emt 0:00:02]} Nf6 {[%emt 0:00:00]} 4. Bg5 {[%emt 0:00:08]} Be7 {[%emt 0:00:40]} 5. Nc3 {[%emt 0:00:31]} c6 {[%emt 0:00:00]} 6. g3 {[%emt 0:01:24]} O-O {[%emt 0:00:37]} 7. Bg2 {[%emt 0:00:34]} Nbd7 {[%emt 0:03:18]} 8. O-O {[%emt 0:01:37]} h6 {[%emt 0:01:14]} 9. Bxf6 {[%emt 0:00:41]} Nxf6 {[%emt 0:01:45]} 10. Qc2 {[%emt 0:03:02]} dxc4 {[%emt 0:03:28]} 11. Rfd1 {[%emt 0:00:49]} c5 {[%emt 0:04:34]} 12. a4 {[%emt 0:21:09]} Qa5 {[%emt 0:04:19]} 13. e3 {[%emt 0:05:17]} cxd4 {[%emt 0:01:52]} 14. exd4 {[%emt 0:02:01]} Bd7 {[%emt 0:18:59]} 15. Ne5 {[%emt 0:00:00]} Qc7 {[%emt 0:00:01]} 16. Nb5 {[%emt 0:02:17]} Bxb5 {[%emt 0:00:19]} 17. axb5 {[%emt 0:00:04]} Rfc8 {[%emt 0:15:23]} 18. Ra4 {[%emt 0:00:27]} Qb6 {[%emt 0:00:00]} 19. Rxc4 {[%emt 0:00:29]} Rxc4 {[%emt 0:00:00]} 20. Qxc4 {[%emt 0:01:47]} Rd8 {[%emt 0:00:00]} 21. Qa4 {[%emt 0:04:03]} Ne8 {[%emt 0:09:53]} 22. Nc4 {[%emt 0:06:38]} Qc7 {[%emt 0:00:04]} 23. Ne3 {[%emt 0:04:55]} Qb6 {[%emt 0:03:23]} 24. Nc4 {[%emt 0:00:40]} Qc7 {[%emt 0:00:00]} 25. Ra1 {[%emt 0:07:54]} Bf6 {[%emt 0:08:23]} 26. d5 {[%emt 0:01:50]} exd5 {[%emt 0:01:32]} 27. Ne3 {[%emt 0:02:12]} Bxb2 {[%emt 0:05:38]} 28. Nxd5 {[%emt 0:06:29]} Qc5 {[%emt 0:02:30]} 29. Rd1 {[%emt 0:03:33]} Kf8 {[%emt 0:01:50]} 30. Bf3 {[%emt 0:03:36]} Nf6 {[%emt 0:08:47]} 31. Ne3 {[%emt 0:05:32]} Rxd1+ {[%emt 0:00:16]} 32. Nxd1 {[%emt 0:00:04]} Bd4 {[%emt 0:00:21]} 33. Bxb7 {[%emt 0:03:05]} Ng4 {[%emt 0:00:12]} 34. Kg2 {[%emt 0:00:44]} Ne5 {[%emt 0:01:54]} 35. Qb3 {[%emt 0:01:58]} Nc4 {[%emt 0:00:42]} 36. Qa4 {[%emt 0:03:22]} g5 {[%emt 0:02:45]} 37. h3 {[%emt 0:01:33]} Kg7 {[%emt 0:00:12]} 38. Bf3 {[%emt 0:00:31]} Nd6 {[%emt 0:00:00]} 39. Be2 {[%emt 0:00:34]} Qe5 {[%emt 0:00:10]} 40. Qb4 {[%emt 0:01:57]} Nf5 {[%emt 0:00:48]} 41. Qc4 {[%emt 0:00:00]} Nd6 {[%emt 0:00:48]} 42. Qd3 {[%emt 0:00:11]} Ne8 {[%emt 0:00:56]} 43. Bf3 {[%emt 0:01:49]} Nf6 {[%emt 0:00:03]} 44. Ne3 {[%emt 0:00:38]} Bxe3 {[%emt 0:00:08]} 45. Qxe3 {[%emt 0:00:51]} Qxe3 {[%emt 0:00:14]} 46. fxe3 {[%emt 0:00:00]} Kf8 {[%emt 0:01:03]} 47. Kf2 {[%emt 0:00:11]} Ke7 {[%emt 0:00:05]} 48. Ke2 {[%emt 0:00:06]} Kd6 {[%emt 0:00:03]} 49. Kd3 {[%emt 0:00:17]} Kc5 {[%emt 0:00:17]} 50. Be2 {[%emt 0:00:17]} Nd5 {[%emt 0:01:48]} 51. Bh5 {[%emt 0:01:13]} f6 {[%emt 0:00:16]} 52. Be2 {[%emt 0:01:49]} Ne7 {[%emt 0:01:04]} 53. Ke4 {[%emt 0:00:37]} Kd6 {[%emt 0:02:01]} 54. g4 {[%emt 0:00:00]} Ke6 {[%emt 0:00:39]} 55. Kd4 {[%emt 0:00:42]} Kd6 {[%emt 0:00:08]} 56. Ke4 {[%emt 0:00:09]} Kc5 {[%emt 0:00:41]} 57. Bd3 {[%emt 0:00:58]} Kd6 {[%emt 0:00:57]} 58. Kd4 {[%emt 0:00:30]} Nd5 {[%emt 0:00:15]} 59. Bg6 {[%emt 0:00:40]} Nc7 {[%emt 0:00:53]} 60. Bd3 {[%emt 0:00:51]} Ne6+ {[%emt 0:00:01]} 61. Kc4 {[%emt 0:00:22]} Nd8 {[%emt 0:01:30]} 62. Bg6 {[%emt 0:00:54]} Nb7 {[%emt 0:00:19]} 63. Kd4 {[%emt 0:00:26]} Nd8 {[%emt 0:00:40]} 64. Ke4 {[%emt 0:00:33]} Ne6 {[%emt 0:00:16]} 65. Bf7 {[%emt 0:00:46]} Nc7 {[%emt 0:00:33]} 66. Kf5 {[%emt 0:00:19]} Nxb5 {[%emt 0:00:45]} 67. Kxf6 {[%emt 0:00:06]} Nc3 {[%emt 0:00:06]} 68. Kg7 {[%emt 0:00:32]} Ke7 {[%emt 0:00:36]} 69. Bc4 {[%emt 0:00:37]} a5 {[%emt 0:00:46]} 70. Kxh6 {[%emt 0:00:15]} Kf6 {[%emt 0:00:07]} 71. Kh5 {[%emt 0:00:39]} Ne4 {[%emt 0:00:59]} 72. Bd5 {[%emt 0:00:31]} Nc3 {[%emt 0:00:20]} 73. Bg8 {[%emt 0:00:34]} a4 {[%emt 0:00:11]} 74. h4 {[%emt 0:00:10]} gxh4 {[%emt 0:00:03]} 75. Kxh4 {[%emt 0:00:32]} a3 {[%emt 0:00:08]} 76. Kh5 {[%emt 0:00:02]} Kg7 {[%emt 0:00:40]} 77. Bb3 {[%emt 0:00:05]} 1/2-1/2